[Event "Calimanesti mem.Radulescu"]
[Site "?"]
[Date "1999.??.??"]
[Round "1"]
[White "Florescu, Codrut-Constantin"]
[Black "Plass Caravan, Mariana Camelia"]
[Result "1-0"]
[WhiteElo "2320"]
[BlackElo "2125"]
[PlyCount "139"]
[EventDate "1999.??.??"]

1. e4 c5 2. Nf3 d6 3. d4 cxd4 4. Nxd4 Nf6 5. Nc3 a6 6. f4 e5 7. Nf3 Nbd7 8. Bd3
b5 9. a3 Bb7 10. O-O Be7 11. Kh1 O-O 12. Qe2 Qc7 13. Bd2 exf4 14. Bxf4 Ne5 15.
Nxe5 dxe5 16. Bg5 Qb6 17. Rf5 Qe6 18. Raf1 Nd7 19. Bxe7 Qxe7 20. a4 g6 21. R5f2
b4 22. Bc4 bxc3 23. Rxf7 Rxf7 24. Rxf7 Qxf7 25. Bxf7+ Kxf7 26. Qc4+ Ke8 27.
bxc3 Rc8 28. Qg8+ Nf8 29. Qg7 Nd7 30. Qh8+ Ke7 31. Qxh7+ Kd8 32. Qg8+ Ke7 33.
Qxg6 Rxc3 34. h4 Rc4 35. h5 Bxe4 36. Qg7+ Kd6 37. h6 Bxc2 38. g4 Rxa4 39. Kg2
Rf4 40. g5 Nf8 41. Kg3 a5 42. Qa7 a4 43. Qb8+ Kd5 44. Qd8+ Ke4 45. Qc7 Bd3 46.
h7 Ng6 47. Qg7 Kd4 48. h8=Q Nxh8 49. Qxh8 Bf5 50. Qf8 Kd5 51. Qf7+ Kd6 52. g6
Bxg6 53. Qxg6+ Kd5 54. Qa6 Kd4 55. Qxa4+ Kd5 56. Qb5+ Ke4 57. Qd7 Rf6 58. Qb7+
Kd4 59. Kg4 Rf4+ 60. Kg5 Rf1 61. Qb4+ Ke3 62. Qc3+ Kf2 63. Qxe5 Rg1+ 64. Kf4
Rg2 65. Qe3+ Kf1 66. Qc1+ Ke2 67. Qc2+ Kf1 68. Qd1+ Kf2 69. Qh1 Rg1 70. Qf3+
1-0

[Event "Calimanesti mem.Radulescu"]
[Site "?"]
[Date "1999.??.??"]
[Round "7"]
[White "Raceanu, Valentin"]
[Black "Florescu, Codrut-Constantin"]
[Result "0-1"]
[WhiteElo "2230"]
[BlackElo "2325"]
[PlyCount "74"]
[EventDate "1999.??.??"]

1. d4 Nf6 2. c4 e6 3. g3 c5 4. d5 exd5 5. cxd5 d6 6. Nc3 g6 7. Bg2 Bg7 8. Nf3
O-O 9. O-O Re8 10. Nd2 a6 11. a4 Nbd7 12. Nc4 Ne5 13. Nxe5 Rxe5 14. Bf4 Re8 15.
h3 Rb8 16. Qd3 Qe7 17. e4 Nd7 18. Rab1 Ne5 19. Qe2 b5 20. b4 c4 21. Bxe5 Qxe5
22. Rbc1 bxa4 23. Qxc4 Bd7 24. Qxa6 Rxb4 25. Qa7 Rd8 26. Na2 Rb2 27. Rc7 Rxa2
28. Rxd7 Rxd7 29. Qxd7 Bf6 30. Kh2 Kg7 31. Rb1 Rxf2 32. Qxa4 h5 33. Rf1 Rxf1
34. Bxf1 h4 35. Qb3 Qxe4 36. gxh4 Be5+ 37. Kg1 Bd4+ 0-1

[Event "Closed (IM) Timisoara"]
[Site "?"]
[Date "1999.??.??"]
[Round "?"]
[White "Dragomirescu Grigorieva, Angela"]
[Black "Florescu, Codrut-Constantin"]
[Result "0-1"]
[WhiteElo "2140"]
[BlackElo "2330"]
[PlyCount "68"]
[EventDate "1999.??.??"]
[Source "b/signature.htm"]
[SourceDate "3188127.01.02"]

1. d4 Nf6 2. Nf3 d5 3. Bg5 Ne4 4. Bf4 c5 5. c3 Nc6 6. e3 Qb6 7. Qb3 c4 8. Qc2
h6 9. Nbd2 Bf5 10. Nxe4 Bxe4 11. Qc1 e5 12. Nxe5 Nb4 13. cxb4 Bxb4+ 14. Ke2 f6
15. Nxc4 dxc4 16. Qxc4 Kd7 17. f3 Bg6 18. Kf2 Rhc8 19. Qb5+ Kd8 20. Qd5+ Ke7
21. Bc4 Rc6 22. Rac1 Bd2 23. Rcd1 Qxb2 24. Qb5 Bxe3+ 25. Kxe3 Re6+ 26. Be5 Qxb5
27. Bxb5 fxe5 28. Kf2 Rb6 29. Bc4 Rc8 30. Bb3 Bc2 31. Rc1 Rxb3 32. axb3 exd4
33. Rhd1 Bxb3 34. Rxc8 Bxd1 0-1

[Event "Closed (IM) Timisoara"]
[Site "?"]
[Date "1999.??.??"]
[Round "?"]
[White "Florescu, Codrut-Constantin"]
[Black "Dragomirescu, Calin"]
[Result "0-1"]
[WhiteElo "2330"]
[BlackElo "2240"]
[PlyCount "56"]
[EventDate "1999.??.??"]
[Source "b/signature.htm"]
[SourceDate "3188127.01.02"]

1. e4 d6 2. d4 Nf6 3. Nc3 g6 4. Bg5 h6 5. Bh4 c6 6. Qd2 Nbd7 7. f4 b5 8. e5 b4
9. exf6 bxc3 10. Qxc3 exf6 11. O-O-O Qb6 12. Re1+ Kd8 13. d5 Kc7 14. Qxc6+ Qxc6
15. dxc6 Kxc6 16. Nf3 Kc7 17. Bc4 Rh7 18. Nd4 Nb6 19. Bb3 g5 20. Bg3 Bb7 21.
Re2 h5 22. fxg5 h4 23. Bf4 fxg5 24. Bxg5 h3 25. Rd1 hxg2 26. Nb5+ Kd7 27. Nxd6
Bxd6 28. Red2 Kc7 0-1

[Event "Closed (IM) Timisoara"]
[Site "?"]
[Date "1999.??.??"]
[Round "?"]
[White "Florescu, Codrut-Constantin"]
[Black "Grunberg, Florin"]
[Result "0-1"]
[WhiteElo "2330"]
[BlackElo "2220"]
[PlyCount "123"]
[EventDate "1999.??.??"]
[Source "b/signature.htm"]
[SourceDate "3188127.01.02"]

1. e4 Nf6 2. e5 Nd5 3. c4 Nb6 4. d4 d6 5. exd6 exd6 6. Nc3 Be7 7. Bd3 O-O 8.
Nge2 Nc6 9. O-O Bg4 10. f3 Bh5 11. Nf4 Bg6 12. Nxg6 hxg6 13. Be3 Bf6 14. Rc1
Re8 15. Bf2 Bg5 16. Rc2 Be3 17. Bxe3 Rxe3 18. Be4 Nb4 19. Rcf2 d5 20. cxd5 f5
21. Qc1 Rd3 22. Bxd3 Nxd3 23. Qe3 Nxf2 24. Qe6+ Kf8 25. Qxg6 Nh3+ 26. gxh3 Qf6
27. Qxf6+ gxf6 28. Kf2 Kf7 29. d6 cxd6 30. Nb5 Rd8 31. Rc1 Nd5 32. Rc8 Rd7 33.
Nxa7 f4 34. Nb5 Ke6 35. Re8+ Kf7 36. Re2 Ne3 37. Ke1 Ke6 38. Kd2 Rh7 39. Kd3 d5
40. Nc3 Kd6 41. Nb1 Rxh3 42. Nd2 Rh8 43. a4 b6 44. b3 Rc8 45. h3 Rh8 46. Rh2
Nf5 47. h4 Re8 48. Re2 Rh8 49. h5 Rxh5 50. Re8 Kd7 51. Rf8 Rh6 52. Rf7+ Ne7 53.
Rf8 f5 54. Ra8 Nc6 55. Kc3 Re6 56. Rf8 Re3+ 57. Kb2 Nxd4 58. Rf6 Rd3 59. Kc1
Kc7 60. b4 Ra3 61. Rf7+ Kd6 62. Rf6+ $138 0-1

[Event "Closed (IM) Timisoara"]
[Site "?"]
[Date "1999.??.??"]
[Round "?"]
[White "Florescu, Codrut-Constantin"]
[Black "Marasescu, Ioan"]
[Result "1/2-1/2"]
[WhiteElo "2330"]
[BlackElo "2305"]
[PlyCount "22"]
[EventDate "1999.??.??"]
[Source "b/signature.htm"]
[SourceDate "3188127.01.02"]

1. c4 c5 2. Nc3 Nc6 3. g3 g6 4. Bg2 Bg7 5. Nf3 Nf6 6. O-O O-O 7. d4 cxd4 8.
Nxd4 Nxd4 9. Qxd4 d6 10. Qd3 Bf5 11. e4 Be6 1/2-1/2

[Event "Closed (IM) Timisoara"]
[Site "?"]
[Date "1999.??.??"]
[Round "?"]
[White "Florescu, Codrut-Constantin"]
[Black "Solcanean, Serghei"]
[Result "0-1"]
[WhiteElo "2330"]
[BlackElo "2250"]
[PlyCount "42"]
[EventDate "1999.??.??"]
[Source "b/signature.htm"]
[SourceDate "3188127.01.02"]

1. e4 c5 2. Nf3 d6 3. d4 cxd4 4. Nxd4 Nf6 5. Nc3 a6 6. Bc4 e6 7. Bb3 Nbd7 8.
Bg5 Nc5 9. Qe2 Be7 10. O-O-O Qc7 11. f4 O-O 12. Rhf1 b5 13. g4 Bb7 14. Bxf6
Bxf6 15. g5 Bxd4 16. Rxd4 Nxb3+ 17. axb3 Rac8 18. h4 Qc5 19. Rd3 a5 20. f5 Ba6
21. Qf2 b4 0-1

[Event "Closed (IM) Timisoara"]
[Site "?"]
[Date "1999.??.??"]
[Round "?"]
[White "Florescu, Codrut-Constantin"]
[Black "Tarata, Marius"]
[Result "1-0"]
[WhiteElo "2330"]
[BlackElo "2070"]
[PlyCount "45"]
[EventDate "1999.??.??"]
[Source "b/signature.htm"]
[SourceDate "3188127.01.02"]

1. e4 c5 2. Nf3 d6 3. d4 cxd4 4. Nxd4 Nf6 5. Nc3 a6 6. Bg5 e6 7. f4 Be7 8. Qf3
Nbd7 9. Bc4 Qc7 10. Bxe6 fxe6 11. Nxe6 Qa5 12. Nxg7+ Kf7 13. Nf5 b5 14. Nxe7
Kxe7 15. O-O Qb6+ 16. Kh1 Bb7 17. Nd5+ Bxd5 18. exd5 Kf7 19. Rfe1 Rae8 20. Qh3
Rxe1+ 21. Rxe1 Re8 22. Rxe8 Kxe8 23. Bxf6 1-0

[Event "Closed (IM) Timisoara"]
[Site "?"]
[Date "1999.??.??"]
[Round "?"]
[White "Grecescu, Gabriel Andrei"]
[Black "Florescu, Codrut-Constantin"]
[Result "1/2-1/2"]
[WhiteElo "2000"]
[BlackElo "2330"]
[PlyCount "47"]
[EventDate "1999.??.??"]
[Source "b/signature.htm"]
[SourceDate "3188127.01.02"]

1. e4 c5 2. Nf3 e6 3. d4 cxd4 4. Nxd4 Nf6 5. Bd3 Nc6 6. Nxc6 dxc6 7. O-O e5 8.
Nc3 Be7 9. Bc4 O-O 10. a4 a5 11. h3 Qc7 12. Be3 Nd7 13. Qe2 Nc5 14. Rad1 Ne6
15. Rd2 Bd7 16. Rfd1 Rad8 17. f3 Bc8 18. Qf2 Rxd2 19. Rxd2 Rd8 20. Rxd8+ Qxd8
21. Bb6 Qxb6 22. Qxb6 Bc5+ 23. Qxc5 Nxc5 24. Kf2 1/2-1/2

[Event "Closed (IM) Timisoara"]
[Site "?"]
[Date "1999.??.??"]
[Round "?"]
[White "Marcia, Gotfried"]
[Black "Florescu, Codrut-Constantin"]
[Result "1/2-1/2"]
[WhiteElo "2270"]
[BlackElo "2330"]
[PlyCount "40"]
[EventDate "1999.??.??"]
[Source "b/signature.htm"]
[SourceDate "3188127.01.02"]

1. e4 c5 2. Nf3 d6 3. d4 cxd4 4. Nxd4 Nf6 5. Nc3 e6 6. Be2 a6 7. O-O Be7 8. f4
O-O 9. Be3 Nc6 10. a4 Qc7 11. Kh1 Re8 12. Qd2 Nxd4 13. Bxd4 e5 14. Be3 exf4 15.
Bxf4 Be6 16. a5 Nd7 17. Nd5 Bxd5 18. exd5 Ne5 19. b3 Bf8 20. c4 Rac8 1/2-1/2

[Event "Closed (IM) Timisoara"]
[Site "?"]
[Date "1999.??.??"]
[Round "?"]
[White "Sanduleac, Vasile"]
[Black "Florescu, Codrut-Constantin"]
[Result "1/2-1/2"]
[WhiteElo "2385"]
[BlackElo "2330"]
[PlyCount "110"]
[EventDate "1999.??.??"]
[Source "b/signature.htm"]
[SourceDate "3188127.01.02"]

1. e4 c5 2. Nf3 e6 3. d3 Nc6 4. g3 g6 5. Bg2 Bg7 6. O-O Nge7 7. Nbd2 O-O 8. a3
d5 9. Re1 Qc7 10. h4 d4 11. Nb3 b6 12. e5 Bb7 13. Qe2 Rad8 14. Nbd2 b5 15. Nf1
Rd7 16. N1h2 h5 17. g4 hxg4 18. Nxg4 Nf5 19. Bg5 Nce7 20. Nd2 Bxg2 21. Kxg2 Nd5
22. Rh1 Qc6 23. Ne4 f6 24. exf6 Bxf6 25. Ngxf6+ Nxf6 26. Bxf6 Rxf6 27. Kg1 Rf8
28. Re1 Qc7 29. Qg4 Qe5 30. Re2 Nh6 31. Qg5 Qg7 32. Qxc5 Rd5 33. Qc6 Re5 34.
Kf1 Ng4 35. Ke1 Qh6 36. Kd1 Rxe4 37. Qxe4 Nxf2+ 38. Rxf2 Rxf2 39. Qxe6+ Kh7 40.
Qe7+ Qg7 41. Qxg7+ Kxg7 42. Rg1 Kh6 43. Rg4 Kh5 44. Rxd4 Rh2 45. c4 bxc4 46.
dxc4 Rxb2 47. c5 Rb3 48. Rc4 Rxa3 49. c6 Rd3+ 50. Ke2 Rd8 51. c7 Rc8 52. Ke3 a5
53. Ke4 Kxh4 54. Ke5+ Kh3 55. Rc3+ Kh4 1/2-1/2

[Event "Cupa Rozelor de Mai"]
[Site "?"]
[Date "1999.??.??"]
[Round "?"]
[White "Badea Takacs, Bela"]
[Black "Florescu, Codrut-Constantin"]
[Result "1-0"]
[WhiteElo "2475"]
[BlackElo "2310"]
[PlyCount "67"]
[EventDate "1999.??.??"]
[Source "b/signature.htm"]
[SourceDate "3188127.01.02"]

1. Nf3 c5 2. g3 Nc6 3. d4 cxd4 4. Nxd4 e5 5. Nb5 Qa5+ 6. N5c3 Nf6 7. Bg2 d5 8.
Bd2 Bb4 9. a3 d4 10. Na2 Bxd2+ 11. Nxd2 Qb5 12. b4 Be6 13. c4 Qb6 14. O-O O-O
15. Nc1 a5 16. Nd3 axb4 17. axb4 Rxa1 18. Qxa1 Nd7 19. c5 Qb5 20. Ne4 Nxb4 21.
Nd6 Qa6 22. Nxb4 Qxe2 23. Nxb7 Qb5 24. Qe1 Nf6 25. c6 Rd8 26. Qd2 Ne8 27. Rc1
Nc7 28. Rc5 Ra8 29. Rxb5 Ra1+ 30. Bf1 Bh3 31. Qe2 Bxf1 32. Qxf1 Rxf1+ 33. Kxf1
Nxb5 34. Nd5 1-0

[Event "Cupa Rozelor de Mai"]
[Site "?"]
[Date "1999.??.??"]
[Round "?"]
[White "Florescu, Codrut-Constantin"]
[Black "Ionescu, Constantin"]
[Result "1-0"]
[WhiteElo "2310"]
[BlackElo "2480"]
[PlyCount "71"]
[EventDate "1999.??.??"]
[Source "b/signature.htm"]
[SourceDate "3188127.01.02"]

1. e4 e6 2. d4 d5 3. e5 Bd7 4. c3 a6 5. Bd3 Bb5 6. Bc2 c5 7. f4 Nh6 8. Nf3 a5
9. h3 Nc6 10. Kf2 Nf5 11. Bxf5 exf5 12. Be3 cxd4 13. Nxd4 Nxd4 14. Qxd4 Rc8 15.
Rd1 Qh4+ 16. Kg1 Bc5 17. Qd2 O-O 18. Bxc5 Rxc5 19. Qf2 Qe7 20. Nd2 a4 21. a3
Ra8 22. Nf3 Ra6 23. Nd4 Bd7 24. Rd3 Rb6 25. Re1 g6 26. Kh2 h6 27. Rde3 Be6 28.
Rg1 h5 29. Rg3 Kf8 30. Rd1 Bd7 31. Rgd3 Be6 32. R1d2 Qc7 33. Qg3 Bc8 34. Qg5
Kg7 35. Re2 Qd7 36. Rg3 1-0

[Event "Cupa Rozelor de Mai"]
[Site "?"]
[Date "1999.??.??"]
[Round "?"]
[White "Florescu, Codrut-Constantin"]
[Black "Istratescu, Andrei"]
[Result "0-1"]
[WhiteElo "2310"]
[BlackElo "2545"]
[PlyCount "108"]
[EventDate "1999.??.??"]
[Source "b/signature.htm"]
[SourceDate "3188127.01.02"]

1. e4 c5 2. Nf3 d6 3. d4 cxd4 4. Nxd4 Nf6 5. Nc3 a6 6. Bc4 e6 7. Bb3 Nbd7 8.
Qe2 Nc5 9. g4 b5 10. g5 Nfd7 11. a3 Nxb3 12. cxb3 Bb7 13. b4 Rc8 14. Bd2 Be7
15. Rg1 O-O 16. Rg3 Re8 17. O-O-O d5 18. e5 Rc4 19. Rd3 a5 20. Kb1 axb4 21.
axb4 Qb6 22. Nc2 Ra8 23. b3 Rcc8 24. Kb2 Nb8 25. Be3 Qc7 26. f4 Nc6 27. Na2 d4
28. Bxd4 Nxd4 29. Nxd4 Qb6 30. Nc2 Qa6 31. Ra1 Rxc2+ 32. Kxc2 Qxa2+ 33. Rxa2
Rxa2+ 34. Kd1 Rxe2 35. Kxe2 Bd5 36. Ke3 g6 37. Rd4 Bxb3 38. Kd3 Bd5 39. Kc3 h5
40. h4 Bd8 41. Rd2 Bb6 42. Kd3 Kf8 43. Rh2 Ke7 44. Rd2 Kd7 45. Rb2 Bf3 46. Rc2
Bg4 47. Rd2 Kc8 48. Ke4 Bf5+ 49. Kf3 Bg1 50. Ra2 Bd4 51. Ra8+ Kb7 52. Ra3 Kc6
53. Ra8 Kb7 54. Ra3 Kb6 0-1

[Event "Cupa Rozelor de Mai"]
[Site "?"]
[Date "1999.??.??"]
[Round "?"]
[White "Florescu, Codrut-Constantin"]
[Black "Marjanovic, Slavoljub"]
[Result "0-1"]
[WhiteElo "2310"]
[BlackElo "2450"]
[PlyCount "72"]
[EventDate "1999.??.??"]
[Source "b/signature.htm"]
[SourceDate "3188127.01.02"]

1. e4 c5 2. Nf3 d6 3. d4 cxd4 4. Nxd4 Nf6 5. Nc3 a6 6. Bc4 e6 7. Bb3 b5 8. O-O
b4 9. Na4 Bd7 10. Re1 Nc6 11. c3 Rb8 12. Bc2 a5 13. f4 Qc7 14. Be3 Be7 15. Rc1
Qb7 16. c4 Nxd4 17. Bxd4 Bc6 18. Qd3 Qd7 19. Nb6 Qd8 20. Nd5 exd5 21. exd5 Bd7
22. Re2 Kf8 23. Rce1 Ng8 24. g4 Bf6 25. g5 Bxd4+ 26. Qxd4 Qc7 27. f5 Qb6 28.
Qxb6 Rxb6 29. Kg2 Rb8 30. Bd3 g6 31. Rc1 gxf5 32. c5 dxc5 33. Rxc5 h6 34. gxh6
Nf6 35. Rc7 Rd8 36. Rb7 Rxh6 0-1

[Event "Cupa Rozelor de Mai"]
[Site "?"]
[Date "1999.??.??"]
[Round "?"]
[White "Florescu, Codrut-Constantin"]
[Black "Sanduleac, Vasile"]
[Result "0-1"]
[WhiteElo "2310"]
[BlackElo "2440"]
[PlyCount "46"]
[EventDate "1999.??.??"]
[Source "b/signature.htm"]
[SourceDate "3188127.01.02"]

1. e4 g6 2. d4 Bg7 3. Nc3 c6 4. f4 d5 5. e5 Nh6 6. Nf3 f6 7. Be3 Qb6 8. Na4
Qa5+ 9. c3 Bg4 10. Nc5 Nd7 11. Nxd7 Bxd7 12. h3 Bf5 13. Be2 Be4 14. g4 Nf7 15.
Rg1 fxe5 16. fxe5 c5 17. dxc5 Nxe5 18. Nd4 O-O 19. Ne6 Nf3+ 20. Bxf3 Rxf3 21.
Qd2 Bf6 22. a4 Bh4+ 23. Kd1 Qa6 0-1

[Event "Cupa Rozelor de Mai"]
[Site "?"]
[Date "1999.??.??"]
[Round "?"]
[White "Florescu, Codrut-Constantin"]
[Black "Vajda , Albert (MI)"]
[Result "0-1"]
[WhiteElo "2310"]
[BlackElo "2350"]
[PlyCount "78"]
[EventDate "1999.??.??"]
[Source "b/signature.htm"]
[SourceDate "3188127.01.02"]

1. e4 c5 2. Nf3 e6 3. d4 cxd4 4. Nxd4 Nc6 5. Nc3 Qc7 6. g3 a6 7. Bg2 Nge7 8.
Nde2 Ng6 9. O-O Bc5 10. Na4 Ba7 11. c4 b5 12. cxb5 axb5 13. Nac3 Rb8 14. b4 O-O
15. a4 bxa4 16. b5 Nce5 17. Ba3 Nc4 18. Bxf8 Kxf8 19. Qxa4 Bc5 20. Rac1 Nge5
21. Qc2 g5 22. h3 h5 23. Rfd1 Qa7 24. Rf1 Ra8 25. Nd1 d6 26. Kh2 g4 27. Nf4 Bd7
28. Nc3 gxh3 29. Bxh3 Ke7 30. Qe2 Rh8 31. Kg2 h4 32. g4 Rg8 33. Kh2 Bd4 34.
Ncd5+ exd5 35. Nxd5+ Kd8 36. Rxc4 Bxg4 37. f3 Bxh3 38. Rfc1 Nxc4 39. Qxc4 Bg1+
0-1

[Event "Cupa Rozelor de Mai"]
[Site "?"]
[Date "1999.??.??"]
[Round "?"]
[White "Milu, Romeo Sorin"]
[Black "Florescu, Codrut-Constantin"]
[Result "1/2-1/2"]
[WhiteElo "2395"]
[BlackElo "2310"]
[PlyCount "25"]
[EventDate "1999.??.??"]
[Source "b/signature.htm"]
[SourceDate "3188127.01.02"]

1. e4 c5 2. Nc3 Nc6 3. Nge2 e6 4. d4 cxd4 5. Nxd4 d6 6. Be3 a6 7. f4 Qc7 8. Be2
Nf6 9. Qd2 Be7 10. O-O-O Rb8 11. g4 b5 12. g5 Nd7 13. Bf3 1/2-1/2

[Event "Cupa Rozelor de Mai"]
[Site "?"]
[Date "1999.??.??"]
[Round "?"]
[White "Motylev, Alexander"]
[Black "Florescu, Codrut-Constantin"]
[Result "1-0"]
[WhiteElo "2505"]
[BlackElo "2310"]
[PlyCount "113"]
[EventDate "1999.??.??"]
[Source "b/signature.htm"]
[SourceDate "3188127.01.02"]

1. e4 c5 2. Nf3 e6 3. d4 cxd4 4. Nxd4 Nf6 5. Nc3 d6 6. Be3 a6 7. f3 b5 8. Qd2
Bb7 9. a4 b4 10. Na2 e5 11. Qxb4 Qc8 12. Nf5 d5 13. Nd6+ Bxd6 14. Qxd6 Nbd7 15.
Bd2 dxe4 16. Bb4 Nd5 17. O-O-O N7f6 18. Qxe5+ Qe6 19. Qxe6+ fxe6 20. fxe4 Nxe4
21. Re1 Nxb4 22. Nxb4 Nc5 23. Re5 Rc8 24. Nxa6 Nb3+ 25. Kd1 Ke7 26. Nb4 Rhd8+
27. Ke1 Nd4 28. c3 Nf5 29. Bd3 Nh4 30. Be4 Bxe4 31. Rxe4 Nxg2+ 32. Ke2 g5 33.
Nd3 Rd5 34. Rg1 Nh4 35. Re5 Rxe5+ 36. Nxe5 Kf6 37. Ng4+ Kg6 38. Ne3 h5 39. h3
Nf5 40. Ra1 Rf8 41. a5 g4 42. Nxf5 exf5 43. a6 Kf6 44. hxg4 hxg4 45. a7 Ra8 46.
b4 Ke6 47. b5 Kd6 48. b6 Kc6 49. Rb1 Kb7 50. c4 Rc8 51. Ra1 f4 52. c5 Ra8 53.
Ra4 g3 54. Kf3 Kc6 55. Ra2 Kb7 56. Ra1 Kc6 57. Rb1 1-0

[Event "Cupa Rozelor de Mai"]
[Site "?"]
[Date "1999.??.??"]
[Round "?"]
[White "Sofronie, Iulian"]
[Black "Florescu, Codrut-Constantin"]
[Result "1/2-1/2"]
[WhiteElo "2435"]
[BlackElo "2310"]
[PlyCount "59"]
[EventDate "1999.??.??"]
[Source "b/signature.htm"]
[SourceDate "3188127.01.02"]

1. e4 c5 2. Nc3 Nc6 3. Nf3 g6 4. g3 Bg7 5. Bg2 e5 6. d3 Nge7 7. Bg5 h6 8. Be3
d6 9. Qd2 Nd4 10. O-O Be6 11. Ne1 Qd7 12. Nd1 g5 13. c3 Ndc6 14. f4 gxf4 15.
gxf4 f5 16. Rc1 fxe4 17. dxe4 exf4 18. Bxf4 O-O-O 19. b4 Ne5 20. Ne3 N7g6 21.
Nd3 c4 22. Nxe5 Bxe5 23. Bxe5 dxe5 24. Qxd7+ Kxd7 25. Rfd1+ Kc7 26. Bf1 b5 27.
Rxd8 Rxd8 28. Rd1 Rxd1 29. Nxd1 Nf4 30. Kf2 1/2-1/2

[Event "Cupa Rozelor de Mai"]
[Site "?"]
[Date "1999.??.??"]
[Round "?"]
[White "Svetushkin, Dmitry"]
[Black "Florescu, Codrut-Constantin"]
[Result "1-0"]
[WhiteElo "2470"]
[BlackElo "2310"]
[PlyCount "44"]
[EventDate "1999.??.??"]
[Source "b/signature.htm"]
[SourceDate "3188127.01.02"]

1. e4 c5 2. Nf3 d6 3. Bb5+ Nd7 4. O-O Ngf6 5. Re1 a6 6. Bf1 e6 7. c3 Be7 8. d4
O-O 9. a4 b6 10. Bd3 Bb7 11. Nbd2 cxd4 12. cxd4 e5 13. d5 Nc5 14. Bc4 b5 15.
axb5 axb5 16. Rxa8 Qxa8 17. Bxb5 Ba6 18. Bxa6 Qxa6 19. Re3 Rc8 20. Ne1 Qb5 21.
Qc2 Ng4 22. Rc3 Bf8 1-0

[Event "Erkel Memorial op"]
[Site "?"]
[Date "1999.11.04"]
[Round "?"]
[White "Baumstark, Thomas"]
[Black "Florescu, Codrut-Constantin"]
[Result "0-1"]
[WhiteElo "2123"]
[BlackElo "2333"]
[PlyCount "82"]
[EventDate "1999.??.??"]

1. Nf3 c5 2. c4 Nc6 3. Nc3 e5 4. g3 g6 5. Bg2 Bg7 6. O-O Nge7 7. d3 d6 8. Rb1
O-O 9. Bd2 h6 10. a3 Be6 11. b4 cxb4 12. axb4 d5 13. b5 Nd4 14. cxd5 Nxd5 15.
Nxd4 exd4 16. Nxd5 Bxd5 17. Bxd5 Qxd5 18. Qb3 Qh5 19. e4 Qf3 20. Rfc1 h5 21.
Bg5 Rfc8 22. Rc4 Rxc4 23. Qxc4 Kh7 24. h4 Rf8 25. Be7 Re8 26. Bd6 Re6 27. Bc5
Qe2 28. Bxd4 Rxe4 29. Qxf7 Rxd4 30. Qxb7 Qxd3 31. Rc1 Rd7 32. Rc7 Rxc7 33. Qxc7
Qd4 34. Qb7 Qb6 35. Qd5 Qc7 36. Kg2 Bf8 37. Qa8 Bc5 38. Qe4 Bb6 39. Qe6 Qb7+
40. f3 Qc7 41. Qd5 Qc2+ 0-1

[Event "Erkel Memorial op"]
[Site "?"]
[Date "1999.11.05"]
[Round "?"]
[White "Florescu, Codrut-Constantin"]
[Black "Monus, Zoltan"]
[Result "1-0"]
[WhiteElo "2333"]
[BlackElo "2188"]
[PlyCount "87"]
[EventDate "1999.??.??"]

1. e4 e5 2. Nf3 Nc6 3. Bb5 Nf6 4. O-O Nxe4 5. d4 Nd6 6. Bxc6 dxc6 7. dxe5 Nf5
8. Qxd8+ Kxd8 9. Nc3 Ke8 10. h3 h5 11. Bf4 Be6 12. Rad1 Bb4 13. Bd2 Bxc3 14.
Bxc3 Rd8 15. Rxd8+ Kxd8 16. Bd2 c5 17. Bg5+ Kd7 18. Rd1+ Kc6 19. b3 Bd5 20. Ne1
c4 21. b4 h4 22. c3 Re8 23. Bf4 f6 24. exf6 gxf6 25. Kf1 Bf7 26. Nc2 Re4 27.
Bc1 Bh5 28. Re1 Kd5 29. Ne3+ Nxe3+ 30. Bxe3 Re6 31. f3 Bg6 32. Bf2 Ra6 33. Bxh4
Bd3+ 34. Kg1 f5 35. Bg3 Rxa2 36. Re5+ Kc6 37. Rc5+ Kd7 38. Rxc7+ Ke6 39. Rxb7
Ra3 40. Bf4 Rxc3 41. h4 Rb3 42. h5 Bb1 43. h6 Rd3 44. h7 1-0

[Event "Erkel Memorial op"]
[Site "?"]
[Date "1999.11.06"]
[Round "?"]
[White "Brandics, Jozsef"]
[Black "Florescu, Codrut-Constantin"]
[Result "0-1"]
[WhiteElo "2288"]
[BlackElo "2333"]
[PlyCount "68"]
[EventDate "1999.??.??"]

1. d4 Nf6 2. Bg5 e6 3. e4 h6 4. Bxf6 Qxf6 5. e5 Qd8 6. f4 c5 7. c3 cxd4 8. cxd4
Qb6 9. Qd2 Nc6 10. Nf3 d6 11. Nc3 dxe5 12. fxe5 Bd7 13. O-O-O Bb4 14. Kb1 Rc8
15. d5 Bxc3 16. Qxc3 Nb4 17. Qd4 Nxd5 18. Qxb6 axb6 19. Nd4 Rc5 20. Nb3 Rc7 21.
Be2 Ba4 22. Bf3 Bxb3 23. axb3 Rd7 24. Rd4 Ke7 25. Rhd1 Rhd8 26. Rc1 Kf8 27.
Bxd5 Rxd5 28. Rxd5 Rxd5 29. Rc7 Rxe5 30. Rxb7 Rb5 31. Kc2 e5 32. Kc3 e4 33. b4
e3 34. Rd7 Re5 0-1

[Event "Erkel Memorial op"]
[Site "?"]
[Date "1999.11.08"]
[Round "?"]
[White "Pesztericz, Laszlo"]
[Black "Florescu, Codrut-Constantin"]
[Result "0-1"]
[WhiteElo "2215"]
[BlackElo "2333"]
[PlyCount "78"]
[EventDate "1999.??.??"]

1. e4 c5 2. Nc3 Nc6 3. g3 g6 4. Bg2 Bg7 5. d3 d6 6. Be3 Rb8 7. Qd2 b5 8. f4 Nd4
9. Nf3 Bg4 10. O-O b4 11. Nd1 Qd7 12. Nh4 Bxd1 13. Raxd1 Nf6 14. c3 bxc3 15.
bxc3 Nb5 16. a4 Nc7 17. d4 cxd4 18. cxd4 O-O 19. Qa2 Na6 20. d5 Nb4 21. Qd2
Rfc8 22. e5 Rc2 23. Qd4 Ng4 24. Bh3 h5 25. Nf3 Rc7 26. Bd2 Nc2 27. Qe4 Qc8 28.
Rb1 Rxb1 29. Rxb1 Rc4 30. Qe2 Qc5+ 31. Kg2 Nd4 32. Rb8+ Bf8 33. Nxd4 Qxd4 34.
Bxg4 hxg4 35. f5 Qxd5+ 36. Kf2 Re4 37. Qd1 Rd4 38. Ke1 Qh1+ 39. Ke2 Qf3+ 0-1

[Event "Erkel Memorial op"]
[Site "?"]
[Date "1999.11.09"]
[Round "?"]
[White "Florescu, Codrut-Constantin"]
[Black "Popovic, Dusan"]
[Result "1-0"]
[WhiteElo "2333"]
[BlackElo "2176"]
[PlyCount "79"]
[EventDate "1999.??.??"]

1. e4 c5 2. Nf3 d6 3. d4 cxd4 4. Nxd4 Nf6 5. Nc3 a6 6. Be2 e5 7. Nb3 Be7 8. O-O
O-O 9. a4 b6 10. Be3 Be6 11. f3 Nbd7 12. Rf2 Qc7 13. Bf1 Nc5 14. Rd2 Rfd8 15.
Nc1 Qb7 16. b4 Ncd7 17. Nd5 Nxd5 18. exd5 Bf5 19. Nb3 Bg6 20. c4 a5 21. c5 dxc5
22. d6 Bf6 23. bxc5 bxc5 24. Bb5 e4 25. Bxd7 Bxa1 26. Nxc5 Qb6 27. Qxa1 Rxd7
28. Qd4 Rdd8 29. fxe4 Qc6 30. d7 Rab8 31. h3 Rb4 32. Qe5 h6 33. Rd6 Qa8 34. Bd4
f6 35. Qe7 Bf7 36. Ne6 Bxe6 37. Qxe6+ Kh7 38. Bxf6 Rxe4 39. Qf7 Qa7+ 40. Kh2
1-0

[Event "Erkel Memorial op"]
[Site "?"]
[Date "1999.11.11"]
[Round "?"]
[White "Florescu, Codrut-Constantin"]
[Black "Biro, Sandor"]
[Result "1/2-1/2"]
[WhiteElo "2333"]
[BlackElo "2307"]
[PlyCount "45"]
[EventDate "1999.??.??"]

1. e4 e5 2. d4 exd4 3. Nf3 Nc6 4. Nxd4 Bb4+ 5. c3 Be7 6. Nxc6 bxc6 7. Bd3 d6 8.
O-O Nf6 9. Nd2 O-O 10. h3 Nd7 11. Nf3 c5 12. Qc2 h6 13. Bf4 Bf6 14. Rfe1 Qe7
15. e5 dxe5 16. Qe2 Rb8 17. Qe4 g6 18. Bxh6 Re8 19. Bc4 Kh7 20. Qe3 Rxb2 21.
Bg5 Rb6 22. Rad1 Bb7 23. Bxf6 1/2-1/2

[Event "Erkel Memorial op"]
[Site "?"]
[Date "1999.11.12"]
[Round "?"]
[White "Florescu, Codrut-Constantin"]
[Black "Galyas, Miklos"]
[Result "1/2-1/2"]
[WhiteElo "2333"]
[BlackElo "2433"]
[PlyCount "44"]
[EventDate "1999.??.??"]

1. e4 e6 2. d4 d5 3. Nd2 Nf6 4. e5 Nfd7 5. Bd3 c5 6. c3 Nc6 7. Ngf3 g6 8. O-O
Bg7 9. a3 cxd4 10. cxd4 f6 11. exf6 Qxf6 12. Nb3 O-O 13. Bg5 Qf7 14. Rc1 e5 15.
dxe5 Ndxe5 16. Nxe5 Nxe5 17. Be2 Nc4 18. Nc5 b6 19. Rxc4 dxc4 20. Bf3 bxc5 21.
Bxa8 Be6 22. Bf3 Bd4 1/2-1/2